Código de procedimiento civil
Bewaard in:
| Formaat: | Boek |
|---|---|
| Taal: | Spaans |
| Gepubliceerd in: |
Santiago
LexisNexis
2005
|
| Editie: | 5a. ed |
| Onderwerpen: | |
| Tags: |
Voeg label toe
Geen labels, Wees de eerste die dit record labelt!
|
MARC
| LEADER | 00000nam a2200000 a 4500 | ||
|---|---|---|---|
| 001 | UCK3876 | ||
| 003 | CL-VaPUC | ||
| 008 | 050513e20050000CL |||||||||||||||||spa|d | ||
| 020 | |a 9562384497 | ||
| 082 | 0 | 4 | |a 347.83 |b COD |2 21 |
| 245 | 1 | 0 | |a Código de procedimiento civil |
| 250 | |a 5a. ed | ||
| 300 | |a 391 p | ||
| 942 | |c BK | ||
| 945 | |d 20050513 00:00:00 |a cmena | ||
| 260 | |a Santiago |b LexisNexis |c 2005 | ||
| 500 | |a Incluye: Citas de jurisprudencia. Anotaciones y concordancias. Indice temático | ||
| 500 | |a Actualizada al 1 de febrero de 2005 | ||
| 650 | 0 | |a Código de procedimiento civil |9 256305 | |
| 650 | 0 | |a Derecho civil chileno |9 320612 | |
| 650 | 7 | |a JUICIO ORDINARIO |2 CL-VaPUC |9 254867 | |
| 650 | 7 | |a RESPONSABILIDAD CIVIL |2 CL-VaPUC |9 492228 | |
| 650 | 7 | |a JUICIOS ESPECIALES |2 CL-VaPUC |9 348378 | |
| 650 | 0 | |a Procedimiento civil |9 254870 | |
| 583 | |a last modification |c 20050513 00:00:00 |k Rodrigo Vera | ||
| 999 | |c 312926 |d 312924 | ||
| 952 | |0 0 |1 0 |2 ddc |4 0 |6 347_830000000000000_COD_2005 |7 0 |8 FOND_LRYV |9 383808 |a BIBDER |b BIBDER |d 2019-11-22 |i 4125886 |o 347.83 COD 2005 |p 4125886 |r 2023-01-25 |w 2019-11-22 |y BK_X |k DER | ||
| 952 | |0 0 |1 0 |2 ddc |4 0 |6 347_830000000000000_COD_2005 |7 0 |8 FOND_LRYV |9 383810 |a BIBDER |b BIBDER |d 2019-11-22 |i 428710K |o 347.83 COD 2005 |p 428710K |r 2023-01-25 |w 2019-11-22 |y BK_X |k DER | ||